Normal view
MARC view
- تأليف أبي زكريا يحيى بن زكريا الفراء؛ تحقيق ومراجعة محمد علي النجار
Entry Personal Name
001 - CONTROL NUMBER
- control field: 26957
003 - CONTROL NUMBER IDENTIFIER
- control field: JO-AjAnu
005 - DATE AND TIME OF LATEST TRANSACTION
- control field: 20230606074603.0
008 - FIXED-LENGTH DATA ELEMENTS
- fixed length control field: 230606|| aca||aabn | a|a d
040 ## - CATALOGING SOURCE
- Original cataloging agency: JO-AjAnu
- Transcribing agency: JO-AjAnu
100 ## - HEADING--PERSONAL NAME
- Personal name: تأليف أبي زكريا يحيى بن زكريا الفراء؛ تحقيق ومراجعة محمد علي النجار
670 ## - SOURCE DATA FOUND
- Source citation: Work cat.: (JO-AjAnu)13848: تأليف أبي زكريا يحيى بن زكريا الفراء؛ تحقيق ومراجعة محمد علي النجار, author, معاني القرآن